00362 a2200157 450000100060000002000150000604000370002110000280005824000300008624500250011630000070014136200090014865000230015794200070018099900170018772549 a8572080619 cAnchieta - Colégio São Paulo aViana, Viviana de Assis10aSegredo bem guardadolpor10aSegredo bem guardado a120 a1991 4aLiteratura juvenil cBK c72549d72549